Animal Logos Quiz Stats

 Plays Quiz Updated May 16, 2018

Challenge
Share
Tweet
Score 0/30 Timer 06:00
22 Plays Today
% Correct
Playboy
95.1%
Firefox
93.4%
Twitter
92.3%
Red Bull
89.9%
Puma
88.4%
Jaguar
87.5%
NBC
84.4%
John Deere
80.1%
Chicago Bulls
78.7%
Ferrari
77.7%
Dove
76.4%
MGM
74.1%
Ralph Lauren
72.8%
WWF
69.5%
Lacoste
68.7%
% Correct
Seattle Seahawks
68.3%
MSN
59.2%
Bacardi
58.5%
Crocs
50.3%
ING Group
50.1%
Nestlé
47.2%
Qantas
46.3%
Anheuser-Busch
45.7%
Saab
45.7%
HMV
42.5%
Peugeot
41.5%
Lamborghini
40.5%
Jägermeister
31.7%
Lufthansa
29.9%
Premier League
27.8%

You're not logged in!

Compare scores with friends on all Sporcle quizzes.
OR
Log In

You Might Also Like...

Show Comments

Extras

Top Quizzes Today


Score Distribution

Your Account Isn't Verified!

In order to create a playlist on Sporcle, you need to verify the email address you used during registration. Go to your Sporcle Settings to finish the process.

Report this User

Report this user for behavior that violates our Community Guidelines.

Details: